000 00358nam a2200145 i 4500
001 bg
100 1 _aVOCKE, W.
245 0 _aRäumliche Probleme der linearen Elastizität /
_cW. Vocke.
260 _aLipsk :
_bVEB Fachbuchverlag,
_c1969.
040 _cBPK
041 _apol
080 _a621.01
942 _cKS
008 s pl f |000 0 pol
999 _c11682
_d11682
856 _uhttp://koha.tu.koszalin.pl/cgi-bin/koha/opac-detail.pl?biblionumber=11682
_yKatalog online BPK